Toda una vida /

Enregistré dans:
Détails bibliographiques
Auteur principal: Cerda, Martha (autor)
Format: Livre
Langue:espagnol
Publié: Barcelona, España : Ediciones B, 1998, c1998
Collection:(Ficcionario)
Sujets:
Tags: Ajouter un tag
Pas de tags, Soyez le premier à ajouter un tag!

MARC

LEADER 00000nam^a2200000^a^4500
001 000092654
005 20250521000000.0
009 20260310092731.527
020 |a 84-406-8191-7 
037 |a Acervo ITESO - Biblioteca 
041 |a ESP 
082 |a 863.  |b CER 
100 |a Cerda, Martha  |e (autor) 
245 1 0 |a Toda una vida /  |c M. Cerda. 
264 4 |a Barcelona, España :  |b Ediciones B,  |c 1998, c1998 
300 |a 129 p. 
336 |a texto  |b txt  |2 rdacontenido 
337 |a sin mediación  |b n  |2 rdamedio 
338 |a volumen  |b nc  |2 rdasoporte 
440 1 |a (Ficcionario) 
649 |a XX 
650 |a Novela Jalisciense 
650 |a Novela Mexicana 
650 |a Literatura Jalisciense -  |y Siglo XX 
650 |a Literatura Mexicana -  |y Siglo XX 
650 |a Literatura de Mujeres -  |z México 
910 |a Fondo General 
920 |a Impresos - Libros 
930 |a Colección General 
940 |a Literatura 
905 |a 101 
901 |a 0500022188  |b IT1  |c LIT  |u 20250521 
902 |a https://opac.biblio.iteso.mx/vufind/Record/000092654